<?xml version="1.0" encoding="UTF-8"?>
<record
    xmlns:xsi="http://www.w3.org/2001/XMLSchema-instance"
    xsi:schemaLocation="http://www.loc.gov/MARC21/slim http://www.loc.gov/standards/marcxml/schema/MARC21slim.xsd"
    xmlns="http://www.loc.gov/MARC21/slim">

  <leader>00430nam a22001577a 4500</leader>
  <controlfield tag="003">OSt</controlfield>
  <controlfield tag="005">20150908152039.0</controlfield>
  <controlfield tag="008">150908b        xxu||||| |||| 00| 0 eng d</controlfield>
  <datafield tag="040" ind1=" " ind2=" ">
    <subfield code="c">RUA</subfield>
  </datafield>
  <datafield tag="082" ind1=" " ind2=" ">
    <subfield code="a">AGR &#x17A2;&#x17CA;&#x17B8;&#x179C; 1992 B006 Or.1</subfield>
  </datafield>
  <datafield tag="100" ind1=" " ind2=" ">
    <subfield code="9">159</subfield>
    <subfield code="a">&#x17A2;&#x17CA;&#x17B8;&#x179C; &#x179F;&#x17BB;&#x1795;&#x179B;</subfield>
  </datafield>
  <datafield tag="245" ind1=" " ind2=" ">
    <subfield code="a">&#x178A;&#x17C6;&#x178E;&#x17B6;&#x17C6;&#x1785;&#x17C1;&#x1780;&#x1793;&#x17C5;&#x1780;&#x1798;&#x17D2;&#x1796;&#x17BB;&#x1787;&#x17B6;</subfield>
  </datafield>
  <datafield tag="260" ind1=" " ind2=" ">
    <subfield code="a">Phnom Penh </subfield>
    <subfield code="b">RUA</subfield>
    <subfield code="c">1992</subfield>
  </datafield>
  <datafield tag="300" ind1=" " ind2=" ">
    <subfield code="a">57p.</subfield>
    <subfield code="b">ill.</subfield>
    <subfield code="c">29cm.</subfield>
  </datafield>
  <datafield tag="942" ind1=" " ind2=" ">
    <subfield code="2">ddc</subfield>
    <subfield code="c">AGR</subfield>
  </datafield>
  <datafield tag="999" ind1=" " ind2=" ">
    <subfield code="c">140</subfield>
    <subfield code="d">140</subfield>
  </datafield>
  <datafield tag="952" ind1=" " ind2=" ">
    <subfield code="0">0</subfield>
    <subfield code="1">0</subfield>
    <subfield code="2">ddc</subfield>
    <subfield code="4">0</subfield>
    <subfield code="6">AGR_&#x17A2;&#x17B8;&#x179C;_1992_000000000000000_B006_OR_1</subfield>
    <subfield code="7">0</subfield>
    <subfield code="9">477</subfield>
    <subfield code="a">LBB</subfield>
    <subfield code="b">LBB</subfield>
    <subfield code="c">B006</subfield>
    <subfield code="d">2015-09-08</subfield>
    <subfield code="o">AGR &#x17A2;&#x17CA;&#x17B8;&#x179C; 1992 B006 Or.1</subfield>
    <subfield code="p">RUA003353</subfield>
    <subfield code="r">2015-09-08</subfield>
    <subfield code="w">2015-09-08</subfield>
    <subfield code="y">AGR</subfield>
  </datafield>
  <datafield tag="952" ind1=" " ind2=" ">
    <subfield code="0">0</subfield>
    <subfield code="1">0</subfield>
    <subfield code="2">ddc</subfield>
    <subfield code="4">0</subfield>
    <subfield code="6">AGR_&#x17A2;&#x17B8;&#x179C;_1992_000000000000000_B006_OR_2</subfield>
    <subfield code="7">0</subfield>
    <subfield code="9">478</subfield>
    <subfield code="a">LBB</subfield>
    <subfield code="b">LBB</subfield>
    <subfield code="c">B006</subfield>
    <subfield code="d">2015-09-08</subfield>
    <subfield code="o">AGR &#x17A2;&#x17CA;&#x17B8;&#x179C; 1992 B006 Or.2</subfield>
    <subfield code="p">RUA003279</subfield>
    <subfield code="r">2015-09-08</subfield>
    <subfield code="w">2015-09-08</subfield>
    <subfield code="y">AGR</subfield>
  </datafield>
  <datafield tag="952" ind1=" " ind2=" ">
    <subfield code="0">0</subfield>
    <subfield code="1">0</subfield>
    <subfield code="2">ddc</subfield>
    <subfield code="4">0</subfield>
    <subfield code="6">AGR_&#x17A2;&#x17B8;&#x179C;_1992_000000000000000_B006_OR_3</subfield>
    <subfield code="7">0</subfield>
    <subfield code="9">479</subfield>
    <subfield code="a">LBB</subfield>
    <subfield code="b">LBB</subfield>
    <subfield code="c">B006</subfield>
    <subfield code="d">2015-09-08</subfield>
    <subfield code="o">AGR &#x17A2;&#x17CA;&#x17B8;&#x179C; 1992 B006 Or.3</subfield>
    <subfield code="p">RUA003497</subfield>
    <subfield code="r">2015-09-08</subfield>
    <subfield code="w">2015-09-08</subfield>
    <subfield code="y">AGR</subfield>
  </datafield>
  <datafield tag="952" ind1=" " ind2=" ">
    <subfield code="0">0</subfield>
    <subfield code="1">0</subfield>
    <subfield code="2">ddc</subfield>
    <subfield code="4">0</subfield>
    <subfield code="6">AGR_&#x17A2;&#x17B8;&#x179C;_1992_000000000000000_B006_OR_4</subfield>
    <subfield code="7">0</subfield>
    <subfield code="9">480</subfield>
    <subfield code="a">LBB</subfield>
    <subfield code="b">LBB</subfield>
    <subfield code="c">B006</subfield>
    <subfield code="d">2015-09-08</subfield>
    <subfield code="l">3</subfield>
    <subfield code="o">AGR &#x17A2;&#x17CA;&#x17B8;&#x179C; 1992 B006 Or.4</subfield>
    <subfield code="p">RUA003567</subfield>
    <subfield code="r">2020-01-03</subfield>
    <subfield code="s">2019-06-04</subfield>
    <subfield code="w">2015-09-08</subfield>
    <subfield code="y">AGR</subfield>
  </datafield>
  <datafield tag="952" ind1=" " ind2=" ">
    <subfield code="0">0</subfield>
    <subfield code="1">0</subfield>
    <subfield code="2">ddc</subfield>
    <subfield code="4">0</subfield>
    <subfield code="6">AGR_&#x17A2;&#x17B8;&#x179C;_1992_000000000000000_B006_OR_5</subfield>
    <subfield code="7">0</subfield>
    <subfield code="9">481</subfield>
    <subfield code="a">LBB</subfield>
    <subfield code="b">LBB</subfield>
    <subfield code="c">B006</subfield>
    <subfield code="d">2015-09-08</subfield>
    <subfield code="o">AGR &#x17A2;&#x17CA;&#x17B8;&#x179C; 1992 B006 Or.5</subfield>
    <subfield code="p">RUA003423</subfield>
    <subfield code="r">2015-09-08</subfield>
    <subfield code="w">2015-09-08</subfield>
    <subfield code="y">AGR</subfield>
  </datafield>
</record>
